| 000 | 00610nam a2200205 i 4500 | ||
|---|---|---|---|
| 001 | 100265 | ||
| 003 | ES-MaACL | ||
| 005 | 20230906182636.0 | ||
| 007 | t| | ||
| 008 | 050923s1948 sp ||||1| spa d | ||
| 100 | 1 |
_aMartorell, Fernando. _978532 |
|
| 245 | 1 | 0 |
_aTrombosis de la cava inferior / _cpor F. Martorell. |
| 250 | _a[1ª ed.]. | ||
| 260 |
_aBarcelona : _bSalvat, _c1948. |
||
| 300 |
_a104 p. : _bil. ; _c23 cm. |
||
| 490 | 1 |
_aManuales de medicina práctica ; _v101 |
|
| 830 | 0 |
_aManuales de medicina práctica ; _v101 _9181070 |
|
| 852 |
_aES-MaACL _j1885-F-6 _bR.25946 |
||
| 999 |
_c100265 _d100265 |
||